České, slovenské a maďarské zemědělství ve srovnání se státy EU. 3 Vybrané tabulky

Porovnanie vývoja českého, slovenského a maďarského poľnohospodárstva s vývojom poľnohospodárstva v krajinách Európskej únie v rokoch 1993-1995 v oblasti živočíšnej výroby.

Enregistré dans:
Détails bibliographiques
Format: Chapitre de livre
Langue:tchèque
Sujets:
Tags: Ajouter un tag
Pas de tags, Soyez le premier à ajouter un tag!

MARC

LEADER 00000naa a2200000 4500
001 r028075
005 20230922110623.3
041 0 |a cze 
044 |a CZ 
245 1 0 |a České, slovenské a maďarské zemědělství ve srovnání se státy EU. 3  |b Vybrané tabulky 
520 |a Porovnanie vývoja českého, slovenského a maďarského poľnohospodárstva s vývojom poľnohospodárstva v krajinách Európskej únie v rokoch 1993-1995 v oblasti živočíšnej výroby. 
610 2 0 |a poľnohospodárstvo 
610 2 0 |a Česko 
610 2 0 |a Slovensko 
610 2 0 |a Maďarsko 
610 2 0 |a porovnanie medzinárodné 
610 2 0 |a Európska únia 
610 2 0 |a 1993-1995 
610 2 0 |a výroba živočíšna